Statistiche per Comuni della Provincia di Novara

Clicka qui per fare il quiz!

Statistiche generali

  • Questo quiz è stato fatto 21 volte
  • Il punteggio medio è 30 su 87

Statistiche sulle risposte

Comune% Corretto
Novara
94%
Arona
76%
Borgomanero
71%
Momo
71%
Oleggio
71%
Trecate
71%
Caltignaga
65%
Bellinzago Novarese
59%
Cameri
59%
Gozzano
59%
Borgo Ticino
53%
Galliate
53%
Meina
53%
Romagnano Sesia
53%
Agrate Conturbia
47%
Biandrate
47%
Bogogno
47%
Cerano
47%
Dormelletto
47%
Ghemme
47%
Pella
47%
Romentino
47%
Suno
47%
Armeno
41%
Barengo
41%
Briga Novarese
41%
Briona
41%
Carpignano Sesia
41%
Castelletto sopra Ticino
41%
Cureggio
41%
Lesa
41%
Oleggio Castello
41%
Orta San Giulio
41%
San Maurizio d'Opaglio
41%
San Pietro Mosezzo
41%
Sizzano
41%
Varallo Pombia
41%
Vicolungo
41%
Ameno
35%
Bolzano Novarese
35%
Borgolavezzaro
35%
Casalino
35%
Divignano
35%
Fara Novarese
35%
Fontaneto d'Agogna
35%
Mezzomerico
35%
Boca
29%
Cavaglio d'Agogna
29%
Cavallirio
29%
Cressa
29%
Gargallo
29%
Grignasco
29%
Invorio
29%
Paruzzaro
29%
Pogno
29%
Prato Sesia
29%
Sozzago
29%
Vaprio d'Agogna
29%
Vespolate
29%
Casalvolone
24%
Cavaglietto
24%
Garbagna Novarese
24%
Gattico-Veruno
24%
Granozzo con Monticello
24%
Maggiora
24%
Miasino
24%
Nebbiuno
24%
Nibbiola
24%
Pisano
24%
Pombia
24%
Recetto
24%
Soriso
24%
Tornaco
24%
Castellazzo Novarese
18%
Vinzaglio
18%
Comignago
12%
Massino visconti
12%
San Nazzaro Sesia
12%
Terdobbiate
12%
Colazzo
6%
Mandella Vitta
6%
Pettanasco
6%
Caselbeltrame
0%
Caseleggio Novara
0%
Landonia
0%
Merano Ticino
0%
Sillabengo
0%

Distribuzione punteggi

Percentile per numero di risposta

Percentuale di utenti per punteggio

I tuoi punteggi nel tempo

Non hai fatto questo quiz